¿Qué atributos valora el consumidor marplatense en las prendas de vestir? (Registro nro. 22864)

Detalles MARC
000 -LEADER
fixed length control field 00420 a2200133 4500
001 - CONTROL NUMBER
control field ART_34069
005 - DATE AND TIME OF LATEST TRANSACTION
control field 20260410161827.0
008 - FIXED-LENGTH DATA ELEMENTS--GENERAL INFORMATION
fixed length control field 260409a
100 1# - MAIN ENTRY--PERSONAL NAME
Personal name Liseras, Natacha
245 10 - TITLE STATEMENT
Title ¿Qué atributos valora el consumidor marplatense en las prendas de vestir?
700 1# - ADDED ENTRY--PERSONAL NAME
Personal name Belmartino, Andrea
700 1# - ADDED ENTRY--PERSONAL NAME
Personal name Berges, Miriam
773 0# - HOST ITEM ENTRY
Title FACES
Related parts - Año 20, Nº 42/43 (ene./dic. 2014)
Record control number REV5046

No hay ítems disponibles.